Top 300 - Größte deutsche Städte - Statistiken

Allgemein
  • Dieses Quiz wurde 4.408 mal gespielt
  • Das Durchschnittsergebnis liegt bei 163 aus 300
Antwortstatistiken
Rang Antwort Einwohner % Korrekt
1 Berlin 3 613495
99%
2 Hamburg 1 830 584
98%
3 München 1 456 039
98%
5 Frankfurt (Main) 746 878
97%
4 Köln 1 080 394
97%
6 Stuttgart 632 743
96%
11 Bremen 568 006
95%
7 Düsseldorf 617 280
95%
10 Leipzig 581980
95%
8 Dortmund 586 600
94%
12 Dresden 551 072
94%
153 Frankfurt (Oder) 58 237
94%
9 Essen 583 393
93%
13 Hannover 535 061
93%
28 Kiel 247 943
93%
14 Nürnberg 515 201
92%
37 Erfurt 212 988
89%
260 Freiberg 41 496
89%
33 Freiburg 229 636
89%
44 Potsdam 175 710
89%
30 Aachen 246 272
88%
23 Augsburg 292 851
88%
19 Bonn 325 490
88%
15 Duisburg 498 110
88%
32 Magdeburg 238 478
88%
36 Mainz 215 110
88%
39 Rostock 208 409
88%
42 Saarbrücken 180 966
88%
72 Jena 111 099
87%
22 Mannheim 307 997
87%
18 Bielefeld 332552
86%
16 Bochum 365 529
86%
24 Wiesbaden 278 654
86%
29 Chemnitz 246 855
85%
26 Gelsenkirchen 260 305
85%
21 Karlsruhe 311919
85%
20 Münster 313 559
85%
85 Schwerin 95 797
85%
61 Ulm 125 596
85%
70 Bremerhaven 113 026
84%
40 Kassel 200 736
84%
64 Wolfsburg 123 914
84%
27 Braunschweig 248 023
83%
35 Lübeck 216 318
83%
93 Flensburg 88 519
82%
31 Halle (Saale) 239173
82%
57 Ingolstadt 135 244
82%
48 Osnabrück 164 374
82%
55 Regensburg 150 894
82%
17 Wuppertal 353 590
82%
52 Darmstadt 158 254
81%
68 Koblenz 113 844
81%
47 Oldenburg (Oldenburg) 167 081
81%
75 Trier 110 013
81%
80 Cottbus 101 036
80%
49 Leverkusen 163 577
80%
60 Fürth 126 526
79%
81 Kaiserslautern 99 684
79%
25 Mönchengladbach 262 188
79%
50 Heidelberg 160 601
78%
56 Paderborn 149 075
78%
59 Würzburg 126 635
78%
58 Offenbach (Main) 126 658
76%
86 Gera 94 859
75%
65 Göttingen 119 529
75%
46 Ludwigshafen (Rhein) 168 497
75%
38 Oberhausen 211 422
75%
43 Hamm 179 185
74%
91 Zwickau 90 192
74%
34 Krefeld 226 699
73%
182 Passau 51 781
72%
71 Bergisch Gladbach 111 627
71%
73 Erlangen 110 998
71%
98 Konstanz 84 441
71%
78 Siegen 102 337
71%
107 Bamberg 77 179
70%
94 Gießen 87 343
70%
41 Hagen 187 730
70%
79 Hildesheim 101 744
70%
51 Solingen 158 803
70%
124 Aschaffenburg 69 928
69%
117 Bayreuth 73 999
68%
121 Brandenburg (Havel) 71 886
68%
127 Fulda 67 973
68%
62 Heilbronn 125 113
68%
53 Herne 156 490
68%
63 Pforzheim 124 289
67%
137 Weimar 64 426
67%
166 Baden Baden 54 718
66%
187 Emden 50 607
66%
84 Hanau 96 130
66%
223 Hof 45 950
66%
54 Neuss 153 810
66%
69 Recklinghausen 113 360
66%
67 Reutlingen 115 762
66%
92 Tübingen 89 447
66%
66 Bottrop 117 364
65%
82 Gütersloh 99 315
65%
110 Marburg 76 226
65%
76 Salzgitter 104 548
65%
201 Cuxhaven 48 470
64%
141 Rosenheim 63 080
64%
129 Aalen 67 849
63%
178 Ahlen 52 530
63%
45 Mülheim (Ruhr) 171 265
63%
109 Wilhelmshaven 76 316
63%
151 Greifswald 58 886
62%
114 Lüneburg 75 192
62%
74 Remscheid 110 584
62%
173 Schweinfurt 53 437
62%
170 Bad Homburg 53 884
61%
125 Celle 69 706
61%
147 Friedrichshafen 60 088
61%
87 Ludwigsburg 93 593
61%
77 Moers 103 949
61%
154 Neu-Ulm 57 727
61%
100 Worms 83 081
61%
160 Görlitz 56 391
60%
138 Neubrandenburg 64 259
60%
83 Witten 96 565
60%
195 Heidenheim (Brenz) 49 297
59%
149 Stralsund 59 517
59%
90 Düren 90 502
58%
88 Esslingen (Neckar) 93 004
58%
103 Minden 81 698
58%
235 Neustadt (Rübenberge) 43 964
58%
174 Neustadt (Weinstraße) 53 353
58%
190 Ravensburg 50 393
58%
126 Kempten 68 330
57%
157 Unna 57 158
57%
254 Homburg 41 934
56%
89 Iserlohn 92 928
56%
104 Neumünster 79 335
56%
150 Offenburg 59 060
56%
263 Coburg 41 236
55%
122 Landshut 71 193
55%
133 Plauen 65 148
55%
246 Wismar 42 906
54%
185 Goslar 51 128
53%
186 Speyer 50 931
53%
97 Villingen-Schwenningen 84 557
53%
106 Delmenhorst 77 521
52%
116 Detmold 74 353
52%
118 Castrop-Rauxel 73 989
51%
247 Eisenach 42 710
51%
156 Hameln 57 228
51%
285 Bautzen 39 429
50%
158 Göppingen 57 094
50%
128 Lippstadt 67 936
50%
120 Lüdenscheid 72 894
50%
191 Böblingen 50 035
49%
155 Euskirchen 57 715
49%
99 Marl 83 695
49%
240 Memmingen 43 470
49%
95 Ratingen 87 226
49%
108 Viersen 76 586
49%
212 Dachau 47 255
48%
183 Kleve 51 320
48%
300 Langen (Hessen) 37 527
48%
134 Rüsselsheim (Main) 64 922
48%
136 Sindelfingen 64 599
48%
123 Bocholt 71 036
47%
101 Dessau-Roßlau 82 111
47%
112 Gladbeck 75 689
47%
227 Gotha 45 589
47%
96 Lünen 86 465
47%
197 Rastatt 49 100
47%
144 Schwäbisch Gmünd 60 914
47%
280 Schwäbisch Hall 39 818
47%
177 Wetzlar 52 828
47%
188 Gummersbach 50 497
46%
131 Herford 66 923
46%
214 Neunkirchen 46 767
46%
105 Norderstedt 78 679
46%
270 Pirmasens 40 632
46%
111 Rheine 76 018
46%
209 Soest 47 376
46%
130 Dinslaken 67 489
45%
196 Lörrach 49 213
45%
135 Neuwied 64 661
45%
146 Wesel 60 496
45%
119 Arnsberg 73 814
44%
113 Dorsten 75 252
44%
168 Lingen (Ems) 54 117
44%
192 Peine 49 901
44%
210 Stade 47 330
44%
220 Wittenberg 46 272
44%
251 Amberg 42 248
43%
257 Ansbach 41 652
43%
189 Bad Kreuznach 50 484
43%
139 Dormagen 64 177
43%
140 Grevenbroich 63 204
43%
148 Hürth 59 762
43%
115 Troisdorf 74 870
43%
179 Wolfenbüttel 52 357
43%
132 Kerpen 65 420
42%
219 Landau (Pfalz) 46 292
42%
208 Straubing 47 586
42%
102 Velbert 82 061
42%
255 Aurich 41 854
41%
203 Freising 48 318
41%
253 Nordhausen 42 014
41%
175 Nordhorn 53 278
41%
199 Bad Oeynhausen 48 747
40%
163 Hilden 55 817
40%
295 Mettmann 38 789
40%
262 Siegburg 41 326
40%
278 Stendal 39 822
40%
194 Elmshorn 49 618
39%
202 Frankenthal (Pfalz) 48 417
39%
167 Hattingen 54 628
39%
242 Kamen 43 275
39%
234 Oranienburg 43 982
39%
206 Singen (Hohentwiel) 47 716
39%
248 Weiden (Oberpfalz) 42 543
39%
281 Buxtehude 39 782
38%
180 Frechen 52 212
38%
176 Menden (Sauerland) 53 046
38%
296 Pirna 38 276
38%
200 Rheda-Wiedenbrück 48 685
38%
165 Waiblingen 55 123
38%
171 Bad Salzuflen 53 856
37%
143 Bergheim 61 099
37%
161 Eschweiler 56 207
37%
145 Garbsen 60 875
37%
142 Herten 61 669
37%
239 Kaufbeuren 43 478
37%
172 Langenhagen 53 790
37%
162 Sankt Augustin 55 873
37%
193 Erftstadt 49 647
36%
164 Meerbusch 55 548
36%
249 Borken 42 509
35%
256 Heinsberg 41 673
35%
181 Ibbenbüren 52 037
35%
152 Langenfeld (Rhein) 58 698
35%
245 Pinneberg 43 155
35%
233 Brühl 44 144
34%
169 Pulheim 53 900
34%
159 Stolberg (Rhein) 56 751
34%
198 Bergkamen 48 829
33%
252 Gifhorn 42 239
32%
267 Halberstadt 40 871
32%
268 Lemgo 40 871
32%
215 Schwerte 46 641
32%
184 Willich 51 179
32%
297 Bernau (Berlin) 38 194
31%
291 Bitterfeld-Wolfen 39 103
31%
275 Eberswalde 40 223
31%
241 Erkelenz 43 392
31%
299 Haltern am See 37 977
31%
211 Hennef (Sieg) 47 293
31%
279 Neumarkt (Oberpfalz) 39 822
31%
216 Dülmen 46 507
30%
288 Freital 39 300
30%
207 Gronau (Westf.) 47 671
30%
264 Königswinter 41 050
30%
204 Leonberg 48 222
30%
271 Monheim (Rhein) 40 598
30%
228 Weinheim 45 114
30%
221 Lahr (Schwarzwald) 46 156
29%
218 Melle 46 451
29%
286 Völklingen 39 376
29%
243 Bietigheim-Bissingen 43 266
27%
232 Erkrath 44 409
27%
244 Kaarst 43 216
27%
272 Kirchheim unter Teck 40 446
27%
265 Nürtingen 41 017
27%
231 Bruchsal 44 532
26%
236 Lehrte 43 932
26%
269 Schwabach 40 781
26%
290 Ahaus 39 185
25%
273 Bensheim 40 326
25%
205 Bornheim 48 173
25%
258 Dreieich 41 548
25%
238 Falkensee 43 552
25%
224 Filderstadt 45 807
25%
276 Löhne 39 867
25%
222 Oberursel (Taunus) 46 069
25%
237 Rottenburg (Neckar) 43 615
25%
293 Würselen 38 934
25%
226 Bünde 45 712
24%
298 Niederkassel 38 057
24%
266 Weißenfels 40 874
24%
213 Alsdorf 46 891
23%
292 Buchholz (Nordheide) 39 042
23%
261 Laatzen 41 449
23%
250 Nettetal 42 265
23%
229 Albstadt 45 023
22%
225 Fellbach 45 783
22%
217 Herzogenrath 46 462
22%
294 Maintal 38 930
22%
287 Ettlingen 39 315
21%
284 Hückelhoven 39 585
21%
230 Rodgau 44 725
21%
259 Wunstorf 41 532
21%
274 Germering 40 285
20%
282 Hofheim (Taunus) 39 692
20%
277 Leinfelden-Echterdingen 39 826
19%
289 Ostfildern 39 205
19%
283 Schorndorf 39 601
19%
Keine übereinstimmenden Quizze gefunden
Verteilung der Resultate
Anzahl Personen mit jedem Resultat
Perzentil nach korrekt beantworteten Fragen
Ihre Resultats-Entwicklung
Sie haben dieses Quiz noch nicht gespielt